Follow That Line: Family Guy Quiz Stats

 Plays Quiz Updated Sep 7, 2016

Also try: Family Guy A-Z
Challenge
Share
Tweet
Embed
Score 0/25 Timer 08:00
15 Plays Today
% Correct
By taking steroids.
90.5%
You mean paraplegics.
90%
Oh, yes, 867-5309, that's it. No wait, that's not it. Damn you, Tommy Tutone!
89.7%
No, it's a tumor.
88.9%
No, I'm just exhausted 'cause I've been up all night drinking.
88.8%
Excluding that first 'Ha.'
87.7%
Peter, those are Cheerios.
87.3%
That's not true. I wrote The Bonfire of the Vanities.
87%
Nah. You can do whatever you want.
86.9%
Your mother's right, son. Listen to what it says.
86.7%
Um... if by 'read' you mean 'imagined a naked lady', then yes.
86.7%
You've impeded my work since the day I escaped from your wretched womb.
86.7%
Yes, he lured me down to the park with promises of candy and funny stories.
85.7%
% Correct
Nah, I'm just jackin' ya, you'll all rot in the ground.
85.3%
It's called an automobile, folks! It's much faster than a horse!
84.7%
Oh yeah, I could totally get into that.
84.6%
He's become so massive he's collapsed into himself like a neutron star.
81.4%
Who was that guy?
79%
That's only to fool the man from the draft board.
76.4%
Peter, that was just a loud yelping noise.
76%
Oh, no clip? Oh, thought we had a clip. Nope? Okay.
71.7%
Oh, now I don't know math.
69.7%
Are you sure it wasn't nothing?
65%
Your toenails are the same color as my school bus.
64.8%
Wait a minute, how the hell can a dead comedian from the silent movie era be lodged in my left bosom?
63.9%

You're not logged in!

Compare scores with friends on all Sporcle quizzes.
OR
Log In

You Might Also Like...

Show Comments

Extras

Top Quizzes Today


Score Distribution

Your Account Isn't Verified!

In order to create a playlist on Sporcle, you need to verify the email address you used during registration. Go to your Sporcle Settings to finish the process.

Report this User

Report this user for behavior that violates our Community Guidelines.

Details: